| Поле | Название | Значение |
| |
Тип записи |
a |
| |
Библиографический уровень |
m |
| 001 |
Контрольный номер |
RU/SLIB/B/208715805 |
| 005 |
Дата корректировки |
20231201121011.3 |
| 010 |
Индекс ISBN |
__ |
| d |
Цена |
400-00; 0-74 |
| 101 |
Язык документа |
0_ |
| a |
Язык текста |
rus |
| c |
Язык оригинала |
rus |
| 200 |
Заглавие и сведения об ответственности |
0_ |
| a |
Заглавие |
Аргонавты средневековья |
| f |
Первые сведения об ответственности |
Даркевич В. П. ; АН СССР |
| b |
Общее обозначение материала |
Текст |
| 210 |
Выходные данные |
1_ |
| a |
Место издания |
М. |
| c |
Издательство |
Наука |
| d |
Дата издания |
1976; 1977 |
| 215 |
Физическое описание |
__ |
| a |
Объем |
200 с. |
| 225 |
Серия |
2_ |
| a |
Серия |
Научно-популярная серия |
| 300 |
Общие примечания |
__ |
| a |
Общие примечания |
Прим.: с. 185-192. |
| 320 |
Библиография |
__ |
| a |
Библиография |
Библиогр.: с. 193-197 |
| 606 |
Тематические рубрики |
__ |
| a |
Основная рубрика |
История |
| z |
Хронологическая подрубрика |
8 в.; 7 в. |
| 606 |
Тематические рубрики |
__ |
| a |
Основная рубрика |
Средние века |
| 606 |
Тематические рубрики |
__ |
| a |
Основная рубрика |
География |
| 606 |
Тематические рубрики |
__ |
| a |
Основная рубрика |
Страноведение |
| 610 |
Ключевые слова |
0_ |
| a |
Ключевые слова |
землепроходцы; путешествия; великий шелковый путь; письменность; аргонавты; культура; история письменности |
| 686 |
Индексы других классификаций |
__ |
| a |
Классификационный индекс |
63.3(0)4 |
| 686 |
Индексы других классификаций |
__ |
| a |
Классификационный индекс |
26.89; ст63.3(0)4 + ст26.89 |
| 700 |
Автор |
_1 |
| a |
Фамилия |
Даркевич |
| b |
Имя |
В. П. |
| 4 |
Код отношения |
070 |
| 801 |
Источник записи |
_0 |
| a |
Страна |
RU |
| b |
Организация |
Муниципальное бюджетное учреждение культуры "Централизованная библиотечная система" г. Сургут (Центральная городская библиотека им. А. С. Пушкина) |
| g |
Правила каталогизации |
ОК/Калинина О.В. |
| 801 |
Источник записи |
_1 |
| a |
Страна |
RU |
| b |
Организация |
Муниципальное бюджетное учреждение культуры "Централизованная библиотечная система" г. Сургут (Центральная городская библиотека им. А. С. Пушкина) |
| g |
Правила каталогизации |
ОК/Калинина О.В. |
| 852 |
Данные о местонахождении |
__ |
| j |
Шифр хранения |
63.3(0)4 |
| c |
Каталожный индекс |
63.3(0)4; 26.89 |
| i |
Авторский знак |
Д 20 |
| p |
Инвентарный номер |
57631; 64872(с) |
| 901 |
Тип документа |
__ |
| t |
Тип документа |
m |
| 990 |
Данные о заказе (DOS) |
__ |
| j |
Количество экземпляров (DOS) |
1; 1 |
| t |
N записи в КСУ для И/У (DOS) |
199601; 199101 |